| 000 | 02372cam a2200385 a 4500 | ||
|---|---|---|---|
| 001 | 00012755 | ||
| 003 | WSP | ||
| 005 | 20260416153410.0 | ||
| 007 | cr bnu|||unuuu | ||
| 008 | 080128s2022 si a ob 001 0 eng d | ||
| 010 | _a 2008299831 | ||
| 040 |
_aWSPC _beng _cWSPC |
||
| 020 |
_a9789811253300 _q(ebook) |
||
| 020 |
_a9811253307 _q(ebook) |
||
| 020 |
_a9789811253294 _q(hbk.) |
||
| 020 |
_a9811253293 _q(hbk.) |
||
| 050 | 0 | 0 |
_aQC760 _b.B282 |
| 072 | 7 |
_aSCI _x022000 _2bisacsh |
|
| 072 | 7 |
_aSCI _x040000 _2bisacsh |
|
| 072 | 7 |
_aTEC _x041000 _2bisacsh |
|
| 082 | 0 | 0 |
_a537 _222 |
| 100 | 1 |
_aBarrett, T. W. _q(Terence William), _d1939- |
|
| 245 | 1 | 0 |
_aTopological foundations of electromagnetism : _bsecond edition / _cTerence W. Barrett. |
| 260 |
_aSingapore : _bWorld Scientific, _c2022. |
||
| 300 |
_a1 online resource (376 p.) : _bill. |
||
| 504 | _aIncludes bibliographical references and index. | ||
| 505 | 0 | _aPreface -- Electromagnetic phenomena not explained by Maxwell's equations -- Sagnac effect: a consequence of conservation of action due to gauge field global conformal invariance in a multiply-joined topology of coherent fields -- Topological approaches to electromagnetism -- Orthogonal signal spectrum overlay -- Polarization and axis modulated ultrawideband signal transmission -- Geometric (Clifford) algebra: transmission through disturbed media and transient wave states. | |
| 520 | 1 |
_a"The aims of the book are: (1) to extend Maxwell theory to non-Abelian group forms; (2) to demonstrate that the foundations of electromagnetism are topological; (3) to show the multi-disciplinary nature of communications; (4) to demonstrate the effectiveness of modulated signals in penetrating media; (5) to demonstrate that geometric (Clifford) algebra is the appropriate algebra describing modulated signals. The book is important in indicating that the classical theory of electromagnetism, or Maxwell theory, can be developed to address situations and signals of differing symmetry form, and that different topological spaces require that development"-- _cPublisher's website. |
|
| 538 | _aMode of access: World Wide Web. | ||
| 538 | _aSystem requirements: Adobe Acrobat reader. | ||
| 650 | 0 | _aElectromagnetism. | |
| 655 | 0 | _aElectronic books. | |
| 856 | 4 | 0 | _uhttps://www.worldscientific.com/worldscibooks/10.1142/12755#t=toc |
| 942 | _cE-BOOK | ||
| 999 |
_c49742 _d49742 |
||